000 00619nam a2200217 i 4500
001 C2-0223980
003 PPAK
005 20180728152642.0
008 000312s1982 my |||| ||||| | may d
040 _aPPAK
_beng
_cPPAK
_erda
082 0 4 _a959.5
_223
090 0 0 _a959.5
_bPER
_dKWI
245 0 0 _aPersatuan Sejarah Malaysia :
_bmesyuarat tahunan majlis 1982
264 1 _aKuala Lumpur :
_bPersatuan Sejarah Malaysia ,
_c1982
300 _a109 pages ;
_c25 cm
336 _2rdacontent
_atext
337 _2rdamedia
_aunmediated
338 _2rdacarrier
_avolume
650 1 0 _aCorporation reports
942 _ddc
_cB
999 _c144989
_d144989